Técnico en diseño gráfico y programación : para internet y multimedia
Guardado en:
| Formato: | Libro |
|---|---|
| Publicado: |
Buenos Aires :
Codesis, s.f.
|
| Materias: | |
| Etiquetas: |
Agregar Etiqueta
Sin Etiquetas, Sea el primero en etiquetar este registro!
|
| LEADER | 00778nam a22001695a 4500 | ||
|---|---|---|---|
| 001 | CEM.cems013291 | ||
| 005 | 20100315100113.0 | ||
| 008 | 130507b######################000#0#####d | ||
| 003 | CEMS | ||
| 082 | 0 | 4 | |a 006.66 |
| 245 | 0 | 0 | |a Técnico en diseño gráfico y programación : |b para internet y multimedia |
| 260 | |a Buenos Aires : |b Codesis, s.f. | ||
| 300 | |a p.ág. variada | ||
| 505 | 0 | |a Diseño -- Coreldraw 9 -- Adobe Photoshop 5.5 -- Adobe Premiere -- Sound Forge XP -- 3D Studio MAX -- Programación -- HTML -- Javascript -- Hardware multimedia -- Hardware multimedia Apple -- XML -- Macromedia Dreamweaver 3 -- Macromedia director 8 -- Macromedia flash 4 | |
| 653 | |a Diseño | ||
| 653 | |a Diseño gráfico-programación | ||
| 859 | |a CEMS |b BIB. CEMS - 11 de abril |h 006.66 |i T227 |p 25768.10 |t Ej.1 | ||
